[Event "57 Ogolnopolski Masowy Turniej Szachowy o "ZLOTA WIEZE" - Final Centralny 2015"]
[Site "Chotowa"]
[Date "1899-12-30"]
[Round "1.1"]
[White "Bartel, Michal"]
[Black "Mroz, Waldemar"]
[Result "1/2-1/2"]
[WhiteTitle "FM"]
[BlackTitle "I++"]
[WhiteElo "2314"]
[BlackElo "1875"]

1. e4 c5 2. Ne2 Nc6 3. g3 Nf6 4. Bg2 d5 5. exd5 Nxd5 6. Nbc3 Nf6 7. O-O e6 8. d3
Be7 9. h3 O-O 10. Be3 Nd4 11. f4 Rb8 12. Bf2 Nxe2+ 1/2-1/2

[Event "57 Ogolnopolski Masowy Turniej Szachowy o "ZLOTA WIEZE" - Final Centralny 2015"]
[Site "Chotowa"]
[Date "1899-12-30"]
[Round "1.2"]
[White "Ciechonski, Piotr"]
[Black "Barwinski, Dionizy"]
[Result "0-1"]
[WhiteTitle "I"]
[BlackTitle "FM"]
[WhiteElo "1782"]
[BlackElo "2081"]

1. e4 d5 2. exd5 Qxd5 3. Nc3 Qd6 4. Ne4 Qb6 5. Qh5 Nf6 6. Qb5+ Nfd7 7. Qxb6 Nxb6
8. b3 e5 9. Bb2 f6 10. O-O-O Bf5 11. Bd3 Bg6 12. f4 Nc6 13. fxe5 Nxe5 14. Bxe5
fxe5 15. Nf3 Nd7 16. Rde1 O-O-O 17. Nh4 Bxe4 18. Bxe4 Kb8 19. Nf3 Ba3+ 20. Kb1
Nc5 21. Re2 g6 22. Rhe1 Nd7 23. c3 Bd6 24. Kc2 Rdf8 25. a3 c6 26. b4 Rf6 27. d3
Rff8 28. Nd2 a6 29. Bf3 e4 30. Rxe4 Bxh2 31. Re7 Nf6 32. Nc4 Bc7 33. a4 Re8 34.
b5 axb5 35. axb5 cxb5 36. Na3 h5 37. Nxb5 Rxe7 38. Rxe7 Rh7 39. Re6 Rf7 40. c4
Kc8 41. d4 g5 42. Kd3 Kd7 43. Nxc7 Kxc7 44. c5 g4 45. Bd1 Nd5 46. Rh6 Nf4+ 47.
Ke4 Nxg2 48. Rxh5 Rg7 49. Rh2 Re7+ 50. Kd5 Ne3# 0-1

[Event "57 Ogolnopolski Masowy Turniej Szachowy o "ZLOTA WIEZE" - Final Centralny 2015"]
[Site "Chotowa"]
[Date "1899-12-30"]
[Round "1.3"]
[White "Czajkowski, Adam"]
[Black "Kocia, Kamil"]
[Result "1-0"]
[WhiteTitle "I++"]
[BlackTitle "II+"]
[WhiteElo "2153"]
[BlackElo "1894"]

1. e4 e5 2. Nf3 Nc6 3. Bb5 Nf6 4. Qe2 d6 5. c3 Be7 6. h3 O-O 7. O-O a6 8. Ba4 h6
9. d4 exd4 10. cxd4 b5 11. Bc2 Nb4 12. e5 Nxc2 13. exf6 Nxd4 14. Nxd4 Bxf6 15.
Be3 Re8 16. Rd1 c5 17. Nb3 Qe7 18. Nc3 Bxc3 19. bxc3 Bb7 20. Qg4 Kh8 21. a4 Qe5
22. axb5 axb5 23. Rxa8 Rxa8 24. c4 Ra4 25. Nd2 b4 26. Bf4 Qe7 27. Nf3 Ra6 28.
Re1 Qf6 29. Ng5 Ra1 30. Nxf7+ Kh7 31. Rxa1 Qxa1+ 32. Kh2 Qf6 33. Nxd6 b3 34. Ne8
Qe7 35. Qf5+ Kg8 36. Qe5 Qd7 37. Nd6 Bc6 38. Qc3 1-0

[Event "57 Ogolnopolski Masowy Turniej Szachowy o "ZLOTA WIEZE" - Final Centralny 2015"]
[Site "Chotowa"]
[Date "1899-12-30"]
[Round "1.4"]
[White "Topolan, Agata"]
[Black "Sosnowska, Elzbieta"]
[Result "0-1"]
[WhiteTitle "I++"]
[BlackTitle "WFM"]
[WhiteElo "1746"]
[BlackElo "1826"]

1. e4 e5 2. Nf3 Nc6 3. Bb5 Nd4 4. Ba4 Qf6 5. Nxd4 exd4 6. O-O Bc5 7. d3 c6 8. Nd2
Qg6 9. f4 f5 10. exf5 Qxf5 11. Ne4 Nf6 12. Nxf6+ gxf6 13. Re1+ Kf7 14. Bd2 d5
15. b4 Bd6 16. Kh1 Bd7 17. Qf3 h5 18. Qf2 b5 19. Bb3 a5 20. a3 c5 21. bxc5 Bxc5
22. Bc3 a4 23. Ba2 Be6 24. Bxd4 Bxa3 25. Bxd5 Bxd5 26. Rxa3 Rhg8 27. Rg1 Rxg2
28. Rxg2 Rg8 29. c4 Rxg2 30. Qxg2 Bxg2+ 31. Kxg2 bxc4 32. Rxa4 Qg4+ 33. Kf2 Qxf4+
34. Ke2 Qxd4 35. Rxc4 Qe5+ 36. Kf3 Qxh2 37. d4 Ke6 38. Rc6+ Kd5 39. Rxf6 Kxd4
0-1

[Event "57 Ogolnopolski Masowy Turniej Szachowy o "ZLOTA WIEZE" - Final Centralny 2015"]
[Site "Chotowa"]
[Date "1899-12-30"]
[Round "1.5"]
[White "Palosz, Andrzej"]
[Black "Lewtak, Damian"]
[Result "0-1"]
[WhiteTitle "k"]
[BlackTitle "m"]
[WhiteElo "2156"]
[BlackElo "2325"]

1. e4 c5 2. Nf3 Nc6 3. d4 cxd4 4. Nxd4 Nf6 5. Nc3 d6 6. Bg5 e6 7. Qd2 a6 8. O-O-O
Bd7 9. f4 b5 10. Nxc6 Bxc6 11. Bd3 Be7 12. e5 b4 13. Ne2 dxe5 14. fxe5 Nd7 15.
Bxe7 Qxe7 16. Nd4 Bd5 17. Rhe1 O-O 18. Be4 Bxe4 19. Rxe4 Rac8 20. Nf3 Qc5 21.
b3 Nb6 22. Rxb4 Nd5 23. Ra4 Nc3 24. Rxa6 Rc6 25. Qd3 Rxa6 26. Qxa6 Nxd1 27. Kxd1
Rd8+ 28. Ke2 Qxc2+ 29. Kf1 h6 0-1

[Event "57 Ogolnopolski Masowy Turniej Szachowy o "ZLOTA WIEZE" - Final Centralny 2015"]
[Site "Chotowa"]
[Date "1899-12-30"]
[Round "1.6"]
[White "Lewicki, Miroslaw"]
[Black "Kuspak, Aleksander"]
[Result "1-0"]
[WhiteTitle "CM"]
[BlackTitle "I+"]
[WhiteElo "2224"]
[BlackElo "1906"]

1. e4 c5 2. Nf3 e6 3. c4 a6 4. Nc3 Qc7 5. d4 cxd4 6. Nxd4 Nf6 7. Be3 Be7 8. Be2
O-O 9. O-O b6 10. Rc1 Bb7 11. Bf3 d6 12. g4 h6 13. Bg2 Nbd7 14. h3 Ne5 15. b3
g5 16. f4 gxf4 17. Bxf4 Kg7 18. g5 Nh7 19. h4 Kh8 20. Qh5 Nd3 21. Be3 Nxc1 22.
Rxf7 Rxf7 23. Nxe6 Bxg5 24. hxg5 Nd3 25. Nxc7 Rxc7 26. Qxh6 Kg8 27. Qxd6 1-0

[Event "57 Ogolnopolski Masowy Turniej Szachowy o "ZLOTA WIEZE" - Final Centralny 2015"]
[Site "Chotowa"]
[Date "1899-12-30"]
[Round "1.7"]
[White "Kaczor, Mateusz"]
[Black "Lewtak, Dominik"]
[Result "0-1"]
[WhiteTitle "II"]
[BlackTitle "k"]
[WhiteElo "1556"]
[BlackElo "2153"]

1. e4 e5 2. f4 Nc6 3. Nf3 d6 4. Nc3 Bg4 5. Bb5 a6 6. Bxc6+ bxc6 7. O-O exf4 8.
d3 g5 9. Qe1 Bg7 10. Qf2 h6 11. g3 fxg3 12. Qxg3 Qd7 13. Be3 Ne7 14. Bd4 Bxd4+
15. Nxd4 O-O 16. Rf6 c5 17. Nde2 Kg7 18. Raf1 Bh3 19. R1f2 Qg4 20. Kh1 Qxg3 21.
Nxg3 Bg4 22. Rf1 h5 23. Kg2 h4 24. Nge2 Rae8 25. Ng1 Ng8 26. R6f2 c6 27. h3 Bh5
28. Nf3 Bxf3+ 29. Rxf3 f6 30. Kh2 Nh6 31. Rg1 Kg6 32. Ne2 Kh5 33. Rgf1 f5 34.
Nc3 Kg6 35. exf5+ Rxf5 36. Ne4 Rxf3 37. Rxf3 d5 38. Nc3 Nf5 39. Rf2 Re3 40. Re2
d4 41. Rxe3 dxe3 42. Ne2 Nd4 43. Nxd4 cxd4 44. Kg2 g4 45. hxg4 h3+ 0-1

[Event "57 Ogolnopolski Masowy Turniej Szachowy o "ZLOTA WIEZE" - Final Centralny 2015"]
[Site "Chotowa"]
[Date "1899-12-30"]
[Round "1.8"]
[White "Swiech, Joanna"]
[Black "Posuniak, Weronika"]
[Result "1/2-1/2"]
[WhiteTitle "I++"]
[BlackTitle "I++"]
[WhiteElo "1811"]
[BlackElo "1671"]

1. c4 c6 2. g3 d5 3. cxd5 cxd5 4. d4 Nc6 5. Bg2 e6 6. Nf3 Bd6 7. O-O Nf6 8. Nc3
O-O 9. e3 b6 10. b3 Ba6 11. Re1 Rc8 12. a3 Na5 13. Bb2 h6 14. Ne5 Nd7 15. f4 Qe7
16. Bf1 Bxf1 17. Rxf1 a6 18. Na4 Bxe5 19. fxe5 Qg5 20. Rf4 f6 21. exf6 Rxf6 22.
Bc3 Nb7 23. Rc1 Rxf4 24. exf4 Qg6 25. Bd2 Qe8 26. Qe1 Nd6 27. Rxc8 Nxc8 28. f5
Kf7 29. Qe2 exf5 30. Qh5+ Kf8 31. Qxf5+ Qf7 32. Qc2 Qe8 33. Qc6 Nf6 34. Qc7 Qd7
35. Qf4 1/2-1/2

[Event "57 Ogolnopolski Masowy Turniej Szachowy o "ZLOTA WIEZE" - Final Centralny 2015"]
[Site "Chotowa"]
[Date "1899-12-30"]
[Round "1.9"]
[White "Jagodzinski, Piotr"]
[Black "Osinski, Emil"]
[Result "1/2-1/2"]
[WhiteTitle "k++"]
[BlackTitle "I"]
[WhiteElo "2273"]
[BlackElo "1987"]

1. Nf3 d6 2. b3 Nf6 3. Bb2 e5 4. e3 Be7 5. c4 Bg4 6. Be2 O-O 7. O-O Nbd7 8. d4
Bxf3 9. Bxf3 e4 10. Be2 d5 11. Qc2 c6 12. a4 Rc8 13. Ba3 Bxa3 14. Rxa3 Qe7 15.
c5 Ne8 16. b4 f5 17. b5 Nc7 18. Rb3 Ne6 19. bxc6 bxc6 20. Rb7 Rc7 21. Rxc7 Nxc7
22. Nd2 Ne6 23. g3 Rb8 24. Rb1 Qd8 25. Rxb8 Qxb8 26. Qb3 Qc7 27. Qb4 Nd8 28. Nb3
g5 29. h3 Nf6 30. Nd2 Kg7 31. Kg2 f4 32. exf4 gxf4 33. gxf4 Ne6 34. Qc3 Nxf4+
35. Kf1 Ne6 36. Nb3 Kf7 37. Qg3 Qxg3 38. fxg3 Ke7 39. Kf2 h5 40. Ke3 Kd7 41. g4
hxg4 42. hxg4 Nh7 43. Na5 Kc7 44. Ba6 Nf6 45. Be2 Nh7 46. Nb3 Nhg5 47. a5 Nh3
48. a6 Nhf4 49. Bf1 Ng6 50. Na5 Nd8 51. Be2 Nh4 52. Bd1 Ng2+ 53. Kf2 Nf4 54. Ke3
Ng2+ 55. Kf2 Nf4 56. Kg3 Nfe6 57. Nb3 Nf7 58. Kf2 Nf4 59. Ke3 Ng2+ 60. Kd2 Ng5
61. Nc1 Ne6 62. Ne2 Ngf4 63. Nxf4 Nxf4 64. Ke3 Ne6 65. Bc2 Kd7 66. Bd1 Ke7 67.
Bb3 Kd7 68. Ba4 Kc7 69. Bb3 Kd7 70. Ba2 Nc7 71. g5 Ke6 72. Kf4 Nxa6 73. Bb3 Nb4
74. Ba4 a5 75. Kg4 e3 76. Kf3 Kf5 77. Kxe3 Kxg5 78. Kf3 Kf5 79. Ke3 Kg4 80. Bd1+
Kf5 81. Ba4 Ke6 82. Kd2 Kd7 83. Ke3 Na6 84. Kd3 Nc7 85. Kc3 Ne6 86. Kd3 Ng5 87.
Kc2 Kc7 88. Kd3 Ne4 89. Kc2 Kb7 90. Kd3 Nf6 91. Kc3 Ng4 1/2-1/2

[Event "57 Ogolnopolski Masowy Turniej Szachowy o "ZLOTA WIEZE" - Final Centralny 2015"]
[Site "Chotowa"]
[Date "1899-12-30"]
[Round "1.10"]
[White "Kruszynski, Krzysztof"]
[Black "Dobrowolski, Aleksander"]
[Result "0-1"]
[WhiteTitle "II"]
[BlackTitle "m"]
[WhiteElo "1674"]
[BlackElo "2274"]

1. e4 c5 2. Nf3 Nc6 3. d4 cxd4 4. Nxd4 e6 5. Nb5 d6 6. Bf4 e5 7. Bg5 Qxg5 8. Nc7+
Kd7 9. Nxa8 b6 10. Bb5 Bb7 11. Nxb6+ axb6 12. O-O Nf6 13. Nc3 Kc7 14. Qd3 Nd4
15. a4 Qg6 16. Rfe1 Nh5 17. Qc4+ Kb8 18. Nd5 Bxd5 19. exd5 Nf4 20. Qf1 Nf3+ 21.
Kh1 Nxe1 22. Rxe1 Qxc2 23. Rc1 Qe4 24. f3 Qd4 25. Ba6 Be7 26. Qb5 Qf2 27. Rg1
Qc5 28. Qd7 Qc7 29. Qb5 Rd8 30. a5 Qc5 31. Qb3 Qxa5 32. Bb5 Rc8 33. Bc6 Ne2 34.
Rb1 Nd4 35. Qc4 Qc5 36. Qa6 Nxc6 37. Ra1 Na5 0-1

[Event "57 Ogolnopolski Masowy Turniej Szachowy o "ZLOTA WIEZE" - Final Centralny 2015"]
[Site "Chotowa"]
[Date "1899-12-30"]
[Round "1.11"]
[White "Nun, Grzegorz"]
[Black "Osinski, Kamil"]
[Result "1/2-1/2"]
[WhiteTitle "I"]
[BlackTitle "I"]
[WhiteElo "1887"]
[BlackElo "1824"]

1. e4 c5 2. Nf3 Nc6 3. Bb5 Nd4 4. Nxd4 cxd4 5. O-O e6 6. d3 a6 7. Ba4 b5 8. Bb3
g6 9. f4 Ne7 10. f5 gxf5 11. exf5 Nxf5 12. Rxf5 exf5 13. Bd5 Ra7 14. Qh5 Qe7 15.
Bd2 d6 16. Na3 Bg7 17. Re1 Be5 18. Bg5 Qc7 19. Bf6 Rg8 20. Qxh7 Kf8 21. Qh6+ Ke8
22. Qh7 1/2-1/2

[Event "57 Ogolnopolski Masowy Turniej Szachowy o "ZLOTA WIEZE" - Final Centralny 2015"]
[Site "Chotowa"]
[Date "1899-12-30"]
[Round "1.12"]
[White "Lukiewicz, Kaja"]
[Black "Ogonowska, Katarzyna"]
[Result "0-1"]
[WhiteTitle "I"]
[BlackTitle "I++"]
[WhiteElo "1732"]
[BlackElo "1891"]

1. d4 d5 2. c4 dxc4 3. Nc3 e6 4. e3 Nf6 5. Bxc4 c6 6. Nf3 Bb4 7. a3 Ba5 8. b4 Bc7
9. O-O Nd5 10. Qc2 O-O 11. e4 Nxc3 12. Qxc3 a5 13. Bb2 Nd7 14. Rfd1 Qe7 15. d5
e5 16. dxc6 bxc6 17. b5 Nc5 18. bxc6 Nxe4 19. Qe3 Rb8 20. Qxe4 Rxb2 21. Nd4 Qf6
22. Nf3 Bf5 23. Qd5 e4 24. Nd2 e3 25. fxe3 Be6 26. Qf3 Rxd2 27. Rxd2 Qxa1+ 28.
Rd1 Qe5 29. Bd3 Qxh2+ 30. Kf1 Qh4 31. Bb5 Bg4 32. Qe4 Be2+ 0-1

[Event "57 Ogolnopolski Masowy Turniej Szachowy o "ZLOTA WIEZE" - Final Centralny 2015"]
[Site "Chotowa"]
[Date "1899-12-30"]
[Round "1.13"]
[White "Daniel, Damian"]
[Black "Chojnacki, Krzysztof"]
[Result "1/2-1/2"]
[WhiteTitle "I+"]
[BlackTitle "IM"]
[WhiteElo "1977"]
[BlackElo "2412"]

1. d4 d6 2. Nf3 f5 3. g3 Nf6 4. Bg2 g6 5. O-O Bg7 6. b3 O-O 7. Bb2 Ne4 8. Nbd2
Nxd2 9. Qxd2 Nc6 10. Rad1 Qe8 11. c4 e5 12. dxe5 dxe5 13. Ne1 Be6 14. Nd3 Rd8
15. Qe1 e4 16. Bxg7 Kxg7 17. Qc3+ Kg8 18. Nc5 Bc8 19. b4 Qe7 20. Rd5 b6 21. b5
bxc5 22. bxc6 Be6 23. Qe5 Qf7 24. Rxd8 Rxd8 25. Rb1 Bxc4 26. Bf1 Bxa2 27. Rb7
Rc8 28. Rxa7 Bd5 29. e3 c4 30. Ra5 Be6 31. Ra7 Bd5 32. Ra5 Be6 33. Ra7 Bd5 1/2-1/2

[Event "57 Ogolnopolski Masowy Turniej Szachowy o "ZLOTA WIEZE" - Final Centralny 2015"]
[Site "Chotowa"]
[Date "1899-12-30"]
[Round "1.14"]
[White "Bardeli, Lukasz"]
[Black "Szmyd, Marek"]
[Result "1-0"]
[WhiteTitle "FM"]
[BlackTitle "k"]
[WhiteElo "2215"]
[BlackElo "1992"]

1. Nf3 f5 2. c4 Nf6 3. g3 g6 4. b3 Bg7 5. Bb2 O-O 6. Bg2 d6 7. d4 Ne4 8. O-O Nc6
9. Nbd2 Nxd2 10. Qxd2 e5 11. dxe5 dxe5 12. Rad1 Qe7 13. Bc3 Be6 14. Qb2 e4 15.
Bxg7 Qxg7 16. Qxg7+ Kxg7 17. Ng5 Bc8 18. Nh3 Ne5 19. f3 exf3 20. exf3 c6 21. Rfe1
Nf7 22. f4 Rd8 23. Rxd8 Nxd8 24. Re7+ Kf6 25. Rxh7 Nf7 26. Ng5 Be6 27. Nxe6 Kxe6
28. c5 Rb8 29. Bf1 Kf6 30. Bc4 Nd8 31. b4 b6 32. Rd7 bxc5 33. bxc5 g5 34. Rd6+
Ke7 35. fxg5 Nb7 36. Rxc6 Na5 37. Re6+ Kd7 38. Rd6+ Ke7 39. Bd5 1-0

[Event "57 Ogolnopolski Masowy Turniej Szachowy o "ZLOTA WIEZE" - Final Centralny 2015"]
[Site "Chotowa"]
[Date "1899-12-30"]
[Round "1.15"]
[White "Mozol, Dawid"]
[Black "Kaminski, Piotr"]
[Result "0-1"]
[WhiteTitle "II"]
[BlackTitle "I"]
[WhiteElo "1544"]
[BlackElo "1840"]

1. e4 c5 2. Nf3 g6 3. d4 cxd4 4. Nxd4 Nc6 5. Nc3 Bg7 6. Be3 Nf6 7. Bc4 O-O 8. O-O
Nxe4 9. Bxf7+ Rxf7 10. Nxe4 Qa5 11. Nxc6 bxc6 12. c3 d5 13. Nc5 Rb8 14. Qd2 Bf5
15. a3 e5 16. b4 Qb5 17. Rfd1 Qc4 18. Rac1 Re8 19. Qb2 Rd8 20. Nb3 Qh4 21. Qd2
h6 22. Bc5 Rfd7 23. Na5 Qf6 24. Be3 Kh7 25. Qb2 Be4 26. Nb3 Bf8 27. Bc5 Qg5 28.
g3 Bf3 29. Re1 Qh5 30. h4 Bxc5 31. bxc5 Qf5 32. Nd2 e4 33. Nxf3 exf3 34. Kh2 Qf6
35. Re3 g5 36. Rce1 gxh4 37. Qc2+ Kg7 38. Re6 hxg3+ 39. fxg3 Qg5 40. R1e5 Qg4
41. Qd2 Rh8 42. Qe3 Rf7 43. Re7 Rhf8 44. R5e6 Qh5+ 0-1

[Event "57 Ogolnopolski Masowy Turniej Szachowy o "ZLOTA WIEZE" - Final Centralny 2015"]
[Site "Chotowa"]
[Date "1899-12-30"]
[Round "1.16"]
[White "Szelag, Zuzanna"]
[Black "Dranka, Jowita"]
[Result "1-0"]
[WhiteTitle "I"]
[BlackTitle "I"]
[WhiteElo "1585"]
[BlackElo "1604"]

1. e4 c5 2. Nf3 d6 3. d4 cxd4 4. Nxd4 Nf6 5. Nc3 g6 6. Be3 Bg7 7. f3 O-O 8. Qd2
Nc6 9. g4 Bd7 10. h4 h5 11. gxh5 Nxh5 12. Rg1 Bf6 13. O-O-O Ne5 14. Bg5 e6 15.
f4 Nc6 16. Nxc6 Bxc6 17. f5 Kh7 18. Be2 Ng7 19. Rdf1 exf5 20. exf5 Nxf5 21. Rxf5
gxf5 22. Qf4 Bd7 23. Qf3 Rh8 1-0

[Event "57 Ogolnopolski Masowy Turniej Szachowy o "ZLOTA WIEZE" - Final Centralny 2015"]
[Site "Chotowa"]
[Date "1899-12-30"]
[Round "1.17"]
[White "Cukrowski, Filip"]
[Black "Molenda, Marcin"]
[Result "1-0"]
[WhiteTitle "m"]
[BlackTitle "k"]
[WhiteElo "2324"]
[BlackElo "2168"]

1. e4 c5 2. c3 d5 3. exd5 Qxd5 4. d4 Nc6 5. dxc5 Qxd1+ 6. Kxd1 e5 7. Be3 Bf5 8.
Nd2 Nf6 9. Ngf3 Nd5 10. Nc4 O-O-O 11. Kc1 f6 12. Nfd2 Bg6 13. Nb3 Be7 14. h4 Rd7
15. g3 Be4 16. Rg1 Rhd8 17. Be2 Rc7 18. Rd1 Nxe3 19. Nxe3 Rxd1+ 20. Bxd1 Nd8 21.
Bg4+ Kb8 22. Bf5 Bxf5 23. Nxf5 Bf8 24. Kc2 Ne6 25. Re1 g6 26. Ne3 Bxc5 27. Nd5
Rf7 28. Nxc5 Nxc5 29. f4 Nd7 30. b4 b6 31. Kb3 Kb7 32. a4 Rf8 33. Re3 Kc6 34.
c4 Re8 35. fxe5 fxe5 36. Kc3 Rf8 37. Rd3 Rf7 38. g4 Rf2 39. c5 bxc5 40. b5+ Kb7
41. a5 e4 42. Re3 Rf3 43. Kd2 Ne5 44. a6+ Kb8 45. Ke2 Rxe3+ 46. Kxe3 Nc4+ 47.
Kxe4 Nd6+ 48. Ke5 Nxb5 49. Kf6 Nc7 50. Nc3 c4 51. Kg7 g5 52. h5 Ne8+ 53. Kxh7
Nf6+ 54. Kg6 Nxg4 55. Kxg5 Ne5 56. Kf5 Nf7 57. Ke6 Nh6 58. Kd6 Nf5+ 59. Kd7 Ne3
60. Kc6 Nf5 61. Nb5 Ne7+ 62. Kc5 Nf5 63. Kxc4 Ne7 64. h6 Nc8 65. h7 Ka8 66. h8=Q
Kb8 1-0

[Event "57 Ogolnopolski Masowy Turniej Szachowy o "ZLOTA WIEZE" - Final Centralny 2015"]
[Site "Chotowa"]
[Date "1899-12-30"]
[Round "1.18"]
[White "Luczka, Szymon"]
[Black "Pultorak, Jan"]
[Result "1/2-1/2"]
[WhiteTitle "I"]
[BlackTitle "I"]
[WhiteElo "1783"]
[BlackElo "2164"]

1. e4 c5 2. c3 d5 3. exd5 Qxd5 4. d4 Nf6 5. Nf3 Bg4 6. Be2 Nc6 7. h3 Bh5 8. Be3
cxd4 9. cxd4 e6 10. Nc3 Qd6 11. O-O Be7 12. Qb3 O-O 13. Rfd1 Qb4 14. d5 Qxb3 15.
axb3 exd5 16. Nxd5 Bg6 17. Nxe7+ Nxe7 18. Rxa7 Rxa7 19. Bxa7 Nc6 20. Bc5 Re8 21.
Bc4 h6 22. Kf1 Be4 23. Ne1 Na5 24. Bb4 Nxc4 25. bxc4 Ra8 26. Bc3 Nh5 27. f3 Bc6
28. Kf2 Nf4 29. Be5 Ne6 30. b4 Ra2+ 31. Kg1 Ba4 32. Ra1 Rxa1 33. Bxa1 Bb3 34.
c5 Nc7 35. Bc3 Nd5 36. Bd2 Kf8 37. Nd3 Ke7 38. Kf2 Bc4 39. Nf4 Nxf4 40. Bxf4 Ke6
41. g3 h5 42. Ke3 g6 43. Bb8 Bf1 44. h4 Bb5 45. Kf4 Bc6 46. g4 f6 47. Bc7 Bb5
48. gxh5 gxh5 49. Bd8 Bc6 50. Bc7 Bb5 51. Bd6 Be2 52. Ke3 Bf1 53. Bc7 Bb5 54.
Bb8 Bf1 55. Kd4 Be2 56. Ke3 Bf1 57. Bc7 Bb5 58. Kd4 Be2 59. Ke3 Bf1 60. Bb8 Bb5
61. Kf4 1/2-1/2

[Event "57 Ogolnopolski Masowy Turniej Szachowy o "ZLOTA WIEZE" - Final Centralny 2015"]
[Site "Chotowa"]
[Date "1899-12-30"]
[Round "1.19"]
[White "Szmer, Aleksander"]
[Black "Wolczyk, Karol"]
[Result "0-1"]
[WhiteTitle "I"]
[BlackTitle "II"]
[WhiteElo "1849"]
[BlackElo "1540"]

1. d4 d5 2. Nc3 Nf6 3. Bg5 Nc6 4. Nf3 Ne4 5. e3 Nxg5 6. Nxg5 e5 7. Nf3 e4 8. Nd2
Be6 9. a3 a6 10. Ndxe4 dxe4 11. d5 Bxd5 12. Qxd5 Qxd5 13. Nxd5 O-O-O 14. O-O-O
Ne5 15. g3 Ng4 16. Bh3 h5 17. Nf4 g6 18. Bxg4+ hxg4 19. h4 gxh3 20. Rxh3 Rxh3
21. Nxh3 Be7 22. Rxd8+ Kxd8 23. Nf4 c6 24. Ne2 Bf6 25. c3 Ke7 26. Kc2 Ke6 27.
g4 Ke5 28. Kd2 Bh4 29. Ke1 Kf6 30. c4 Kg5 31. Nc3 Kxg4 32. Nxe4 Kf3 33. Nd2+ Kg2
34. Ne4 f5 35. Nc5 Kf3 36. Nd3 Bf6 37. b3 b6 38. Kf1 a5 39. a4 g5 40. Ne1+ Ke4
41. Ke2 g4 42. Nd3 Be5 43. b4 Bd6 44. bxa5 bxa5 45. Nc1 Bb4 46. Nb3 c5 47. Nc1
f4 48. exf4 Kxf4 49. Kf1 Ke4 50. Kg2 Kd4 51. Kg3 Kxc4 52. Kxg4 Kc3 53. Ne2+ Kd2
54. Ng3 c4 0-1

[Event "57 Ogolnopolski Masowy Turniej Szachowy o "ZLOTA WIEZE" - Final Centralny 2015"]
[Site "Chotowa"]
[Date "1899-12-30"]
[Round "1.20"]
[White "Trybowska, Anna"]
[Black "Kopica, Paulina"]
[Result "1-0"]
[WhiteTitle "I"]
[BlackTitle "I++"]
[WhiteElo "1556"]
[BlackElo "1802"]

1. d4 e6 2. c4 f5 3. Nc3 Nf6 4. Nf3 b6 5. e3 Bb4 6. Bd2 O-O 7. Bd3 Bb7 8. Qb3 Bxc3
9. Bxc3 Re8 10. O-O-O Ne4 11. Bxe4 Bxe4 12. Rhg1 d5 13. Ne5 dxc4 14. Qxc4 Bd5
15. Qa4 c6 16. f3 a5 17. g4 Nd7 18. gxf5 exf5 19. Qc2 Rf8 20. e4 fxe4 21. fxe4
Bf7 22. Nxc6 Qh4 23. d5 Bg6 24. Qe2 Qf4+ 25. Bd2 Qxe4 26. Qxe4 Bxe4 27. Bc3 Rf7
28. Rde1 Nc5 29. Ne5 Re7 30. d6 Rea7 31. Rg4 Nd3+ 32. Nxd3 Bxd3 33. Re7 Rxe7 34.
dxe7 g6 35. Rd4 Re8 36. Rxd3 Rxe7 37. Rd6 Rb7 38. Rd8+ Kf7 39. Rh8 Ke6 40. Re8+
Kf5 41. Kc2 g5 42. Re5+ Kf4 43. Kd2 b5 44. Rd5 a4 45. Ke2 Kg4 46. Kf2 Rf7+ 47.
Kg2 Rb7 48. h3+ Kh5 49. Kg3 h6 50. h4 b4 51. Bd2 b3 52. a3 Rg7 53. hxg5 hxg5 54.
Ra5 Rg6 55. Rxa4 Rd6 56. Bc3 Rd3+ 57. Kg2 g4 58. Rb4 Kh4 59. Rxb3 Rg3+ 60. Kf2
Kh3 61. Rb5 Rf3+ 62. Kg1 Rg3+ 63. Kh1 Re3 64. Re5 Rd3 65. Be1 g3 66. Rg5 Rf3 67.
Rxg3+ 1-0

[Event "57 Ogolnopolski Masowy Turniej Szachowy o "ZLOTA WIEZE" - Final Centralny 2015"]
[Site "Chotowa"]
[Date "1899-12-30"]
[Round "2.1"]
[White "Walter, Szymon"]
[Black "Bartel, Michal"]
[Result "0-1"]
[WhiteTitle "I++"]
[BlackTitle "FM"]
[WhiteElo "2177"]
[BlackElo "2314"]

1. e4 e5 2. Nf3 Nc6 3. Bb5 a6 4. Ba4 Nge7 5. O-O g6 6. c3 Bg7 7. d4 exd4 8. cxd4
b5 9. Bb3 O-O 10. Nc3 d6 11. h3 Bb7 12. Be3 Na5 13. Bc2 Nc4 14. Bc1 c5 15. b3
Nb6 16. Be3 c4 17. b4 f5 18. Qd2 Qd7 19. Bh6 fxe4 20. Bxe4 Nbd5 21. Bxg7 Kxg7
22. Nxd5 Bxd5 23. Qc2 Rf4 24. Rfe1 h6 25. a4 Raf8 26. axb5 axb5 27. Ra3 R8f7 28.
Rae3 Bxe4 29. Rxe4 Nd5 30. Re6 R4f6 31. Rxf6 Rxf6 32. Qe4 Qf7 33. Qg4 Rf5 34.
Ra1 Nf4 35. Nh4 Rf6 36. Nf3 Qe6 37. Qxe6 Rxe6 38. Kf1 Nd3 39. d5 Re7 40. Nd4 c3
41. Nc2 Re4 42. f3 Rc4 43. Rb1 Kf6 44. g3 Ke5 45. Ke2 Nb2 46. Ra1 Kxd5 47. Ra8
Rc7 48. Re8 Kc4 49. Re4+ Kb3 50. Na1+ Ka2 51. Nc2 d5 52. Rd4 Re7+ 53. Kf2 Rd7
54. f4 Nc4 55. Ke2 Kb3 56. Kd1 Re7 57. Rxd5 Ne3+ 58. Nxe3 Rxe3 0-1

[Event "57 Ogolnopolski Masowy Turniej Szachowy o "ZLOTA WIEZE" - Final Centralny 2015"]
[Site "Chotowa"]
[Date "1899-12-30"]
[Round "2.2"]
[White "Barwinski, Dionizy"]
[Black "Kastelik, Adrian"]
[Result "0-1"]
[WhiteTitle "FM"]
[BlackTitle "I++"]
[WhiteElo "2081"]
[BlackElo "2116"]

1. d4 d5 2. Nf3 Nf6 3. c4 c6 4. Nc3 dxc4 5. a4 Bf5 6. e3 e6 7. Bxc4 Bb4 8. O-O
O-O 9. Qe2 Bg4 10. Rd1 Qa5 11. Bd2 Nbd7 12. h3 Bxf3 13. Qxf3 e5 14. Ba2 exd4 15.
exd4 Nb6 16. Bb3 Rad8 17. Bf4 Nbd5 18. Nxd5 Nxd5 19. Bg3 Be7 20. Be5 Bf6 21. Bxd5
Qxd5 22. Qe2 Rfe8 23. f4 c5 24. Qg4 Bxe5 25. dxe5 Qb3 26. Kh2 Rxd1 27. Rxd1 Qxa4
28. Rd7 Qc6 29. Rd6 Qe4 30. Rd7 Kf8 31. h4 Rxe5 32. Rxb7 Qxb7 33. fxe5 Qc7 34.
Kh3 Qxe5 35. Qc8+ Ke7 36. Qb7+ Kd6 37. Qxa7 Qxb2 38. Qxf7 Qf6 39. Qa7 Kd5 40.
Qb7+ Kc4 41. Qe4+ Qd4 42. Qxh7 Qd3+ 0-1

[Event "57 Ogolnopolski Masowy Turniej Szachowy o "ZLOTA WIEZE" - Final Centralny 2015"]
[Site "Chotowa"]
[Date "1899-12-30"]
[Round "2.3"]
[White "Beczala, Pawel"]
[Black "Czajkowski, Adam"]
[Result "1-0"]
[WhiteTitle "II+"]
[BlackTitle "I++"]
[WhiteElo "1717"]
[BlackElo "2153"]

1. e4 c5 2. Nc3 e6 3. f4 d5 4. Nf3 Nc6 5. Bb5 Nge7 6. d3 g6 7. O-O Bg7 8. Ne2 O-O
9. Bxc6 Nxc6 10. c3 b6 11. Ng3 Qc7 12. e5 f6 13. d4 fxe5 14. fxe5 a5 15. a3 a4
16. Be3 Qe7 17. Qd2 Na5 18. Bg5 Qd7 19. Rae1 Ba6 20. Rf2 Nc4 21. Qc1 Rac8 22.
Qb1 Rf7 23. h4 cxd4 24. cxd4 Rcf8 25. h5 gxh5 26. Nxh5 Rf5 27. Qc1 Rc8 28. Rc2
Qe8 29. Nxg7 Kxg7 30. Bf6+ Kf7 31. Ng5+ Kg6 32. g4 Rxf6 33. exf6 e5 34. dxe5 Nxe5
35. Rxc8 Bxc8 36. Qf4 1-0

[Event "57 Ogolnopolski Masowy Turniej Szachowy o "ZLOTA WIEZE" - Final Centralny 2015"]
[Site "Chotowa"]
[Date "1899-12-30"]
[Round "2.4"]
[White "Sosnowska, Elzbieta"]
[Black "Binkowska, Agata"]
[Result "0-1"]
[WhiteTitle "WFM"]
[BlackTitle "I+"]
[WhiteElo "1826"]
[BlackElo "1788"]

1. e4 c5 2. Nf3 e6 3. d4 cxd4 4. Nxd4 a6 5. f4 b5 6. Bd3 Bb7 7. Qe2 Nf6 8. e5 Nd5
9. Nc3 Bc5 10. Nf3 Nxc3 11. bxc3 h6 12. Bd2 O-O 13. h4 f5 14. exf6 Qxf6 15. Ng5
Rc8 16. Rb1 Nc6 17. Ne4 Qe7 18. Nxc5 Qxc5 19. Qe4 Qh5 20. Kf2 Na5 21. Qg6 Qxg6
22. Bxg6 Nc4 23. Bc1 Bd5 24. Rh3 Nd6 25. a3 Be4 26. Bxe4 Nxe4+ 27. Ke3 Nxc3 28.
Rb3 Nd5+ 29. Kd3 Rc4 30. Rf3 Rac8 31. Rf2 Rf8 32. g3 e5 33. Be3 e4+ 34. Kd2 Rfc8
35. Kd1 Nc3+ 36. Kc1 a5 37. Rd2 d5 38. Kb2 b4 39. Bd4 Nb5 40. Be5 Nxa3 41. c3
a4 42. Rxa3 bxa3+ 43. Kxa3 e3 44. Re2 Re4 45. Bd4 Kf7 46. h5 g6 47. hxg6+ Kxg6
48. g4 Rce8 49. f5+ Kf7 50. Kxa4 Rxg4 51. Kb5 h5 52. Kc5 h4 53. Kxd5 h3 54. Rh2
Rxd4+ 0-1